Introduction to disjunctive kriging and non-linear geostatistics /

Bibliographic Details
Main Author: Rivoirard, Jacques
Format: Book
Language:English
Published: Oxford : New York : Clarendon Press ; Oxford University Press, 1994.
Series:Spatial information systems.
Subjects:

MARC

Tag First Indicator Second Indicator Subfields
LEADER 00000cam a2200000 a 4500
001 in00001237359
005 20151003062417.0
008 940602s1994 enkab b 001 0 eng
010 |a  94021063  
015 |a GB94-81262 
019 |a 31487464 
020 |a 0198741804 (cloth : acid-free paper) 
035 |a (OCoLC)30703153 
035 |9 AGS7662AM 
040 |a DLC  |c DLC  |d UKM  |d TXA  |d UtOrBLW 
049 |a TXAM 
050 0 0 |a TN272.7  |b .R57 1994 
082 0 0 |a 622/.1/015195  |2 20 
100 1 |a Rivoirard, Jacques. 
245 1 0 |a Introduction to disjunctive kriging and non-linear geostatistics /  |c Jacques Rivoirard. 
246 3 0 |a Disjunctive kriging and non-linear geostatistics 
264 1 |a Oxford :  |b Clarendon Press ;  |a New York :  |b Oxford University Press,  |c 1994. 
300 |a ix, 180 pages :  |b illustrations, maps ;  |c 25 cm. 
336 |a text  |b txt  |2 rdacontent 
337 |a unmediated  |b n  |2 rdamedia 
338 |a volume  |b nc  |2 rdacarrier 
490 1 |a Spatial information systems 
504 |a Includes bibliographical references and index. 
650 0 |a Kriging. 
653 0 |a Geology  |a Statistics 
830 0 |a Spatial information systems. 
999 |a MARS 
999 f f |s e1d65074-9ec8-3fc0-82a7-6decaa25bcc2  |i b4bee7e7-d22b-3236-99eb-ed54f961a79a  |t 0 
952 f f |p normal  |a Texas A&M University  |b College Station  |c Sterling C. Evans Library  |d Evans: Library Stacks  |t 0  |e TN272.7 .R57 1994  |h Library of Congress classification  |i unmediated -- volume  |m A14819161551 
998 f f |a TN272.7 .R57 1994  |t 0  |l Evans: Library Stacks